|
|
|
|
| LEADER |
00000nam0a2200000 4500 |
| 001 |
249820 |
| 005 |
20231031212950.0 |
| 010 |
|
|
|a 5713301486
|
| 020 |
|
|
|a RU
|b 89-13144
|
| 035 |
|
|
|a (RuTPU)RU\TPU\book\271931
|
| 090 |
|
|
|a 249820
|
| 100 |
|
|
|a 20140207d1989 km y0rusy5003 ca
|
| 101 |
0 |
|
|a rus
|
| 102 |
|
|
|a RU
|
| 105 |
|
|
|a y g 000zy
|
| 200 |
1 |
|
|a Экономика и внешнеэкономические связи СССР
|e справочник
|f И. Н. Устинов, Л. А. Феонова, Д. С. Николаев
|
| 205 |
|
|
|a 3-е изд., перераб. и доп.
|
| 210 |
|
|
|a Москва
|c Международные отношения
|d 1989
|
| 215 |
|
|
|a 479 с.
|
| 333 |
|
|
|a Исключено из фонда НТБ ТПУ
|
| 700 |
|
1 |
|a Устинов
|b И. Н.
|g Иван Никифорович
|
| 701 |
|
1 |
|a Феонова
|b Л. А.
|g Лидия Антоновна
|
| 701 |
|
1 |
|a Николаев
|b Д. С.
|g Дмитрий Сергеевич
|
| 801 |
|
0 |
|a RU
|b RuMRKP
|c 19950417
|g psbo
|
| 801 |
|
1 |
|a RU
|b 63413507
|c 20140207
|
| 801 |
|
2 |
|a RU
|b 63413507
|c 20220311
|g RCR
|
| 942 |
|
|
|c BK
|